000 01436nam a22002177a 4500
999 _c63642
_d63642
003 Ge_BSU
005 20251120161140.0
008 251120s2025 ge ||||| |||| 00| 0 geo d
041 _ageo
080 _a502.1(075.3) ჯ-58
100 _aჯიჯავაძე, ნინო
_913636
245 _aსკოლამდელი გარემოსდაცვითი განათლება : კლიმატის ცვლილება : სასკოლო მზაობის პროგრამა :
_b(დამხმარე სახელმძღვანელო პრაქტიკოსებისთვის) /
_cსახელმძღვანელოს შექმნაზე მუშაობდნენ: ნინო ჯიჯავაძე, ირმა ბოჭორიშვილი; გრაფ. დიზაინერი გიორგი ქინქლაძე.
264 _aთბილისი,
_c2025.
300 _a62 გვ. :
_b ილ. ;
_c30 სმ.
504 _aბიბლიოგრაფია: გვ. 59-60.
653 _aგარემოს დაცვა
653 _aკლიმატის ცვლილება
700 _aბოჭორიშვილი, ირმა
_eავტორი
_926291
700 _aქინქლაძე, გიორგი
_eდიზაინერი
_926292
942 _2udc
_cᲬᲘᲒᲜᲘ